The World Bank economic review (Record no. 14800)
[ view plain ]
| 000 -LEADER | |
|---|---|
| fixed length control field | 00361nas a2200145Ia 4500 |
| 022 ## - INTERNATIONAL STANDARD SERIAL NUMBER | |
| ISSN | 0258-6770 |
| 040 ## - CATALOGING SOURCE | |
| Transcribing agency | BTS |
| 082 ## - DEWEY DECIMAL CLASSIFICATION NUMBER | |
| Classification number | 823 WOR 1986 A097 Or. |
| 245 04 - TITLE STATEMENT | |
| Title | The World Bank economic review |
| 260 ## - PUBLICATION, DISTRIBUTION, ETC. (IMPRINT) | |
| Place of publication | Washington, D.C. : |
| Name of publisher | World Bank, |
| Year of publication | c1986- |
| 300 ## - PHYSICAL DESCRIPTION | |
| Number of Pages | v. : |
| Other physical details | ill. ; |
| Dimensions | 26 cm |
| 650 #0 - SUBJECT ADDED ENTRY--TOPICAL TERM | |
| Topical Term | Economic development |
| 710 2# - ADDED ENTRY--CORPORATE NAME | |
| Corporate name or jurisdiction name as entry element | World Bank |
| 942 ## - ADDED ENTRY ELEMENTS (KOHA) | |
| Koha item type | សៀវភៅភាសាអង់គ្លេស |
| 952 ## - LOCATION AND ITEM INFORMATION (KOHA) | |
| Withdrawn status [LOCAL, KOHA] | 0 |
| Permanent Location | Date acquired | Koha item type | Lost status | Shelving location | Barcode | Current Location | Full call number |
|---|---|---|---|---|---|---|---|
| Library Block A | 2017-10-26 | សៀវភៅភាសាអង់គ្លេស | A070 | A05979 | Library Block A | 823 WOR 1986 A097 Or. |